Návrh riadenia jednosmerného motora

Na minha lista:
Detalhes bibliográficos
Autor principal: Tamás, Szilárd (Author)
Outros Autores: Hypiusová, Mária (Thesis advisor)
Formato: Manuscrito Livro
Idioma:eslovaco
Publicado em: Bratislava : STU v Bratislave FEI, 2020
Assuntos:
Acesso em linha:https://drive.google.com/drive/folders/1r5lwWJyv7IGe-jOrKS0oiYAYEcPa9H8w
Tags: Adicionar Tag
Sem tags, seja o primeiro a adicionar uma tag!

MARC

LEADER 00000ntm a22000003a 4500
001 stuzp76894
003 SK-STU
005 20200716120414.2
007 ta
008 150427s2015----xo-----f-mn---000-0-slo-d
040 |a STU  |b slo 
041 0 |a slo 
044 |a xo 
100 1 |a Tamás, Szilárd  |u 030400  |4 aut  |U FEI Fakulta elektrotechniky a informatiky  |T FEI Ústav automobilovej mechatroniky  |X 86962  |U E400  |Y 642  |7 86962 
242 0 1 |a Control design of a DC motor  |y eng 
245 1 0 |a Návrh riadenia jednosmerného motora 
260 |a Bratislava : 
260 |b STU v Bratislave FEI, 
260 |c 2020 
300 |a 71 s. 
650 4 |a riadenie  |2 slo 
650 4 |a jednosmerný motor  |2 slo 
650 4 |a ADRC  |2 slo 
650 4 |a IMC  |2 slo 
650 4 |a PI  |2 slo 
650 4 |a control  |2 eng 
650 4 |a DC motor  |2 eng 
650 4 |a ADRC  |2 eng 
650 4 |a IMC  |2 eng 
650 4 |a PI  |2 eng 
700 1 |a Hypiusová, Mária  |u 030400  |k Z1  |4 ths  |U FEI Fakulta elektrotechniky a informatiky  |T FEI Ústav automobilovej mechatroniky  |X 4949  |U E400  |Y 642  |7 A000004949 
856 4 |u https://drive.google.com/drive/folders/1r5lwWJyv7IGe-jOrKS0oiYAYEcPa9H8w